[Event "PNWCC Online blitz JP 9th"]
[Site "Chess.com INT"]
[Date "2020.05.09"]
[Round "1"]
[White "Chen, Aidan"]
[Black "Khanin, Semen"]
[Result "0-1"]
[WhiteElo "1719"]
[BlackElo "2482"]
[PlyCount "60"]
[EventDate "2020.05.09"]
[EventType "swiss (blitz)"]
[EventRounds "11"]
[EventCountry "USA"]
[SourceTitle "CBM 196 Extra"]
[Source "ChessBase"]
[SourceDate "2020.07.31"]
[SourceVersion "1"]
[SourceVersionDate "2020.07.31"]
[SourceQuality "1"]

1. c4 Nf6 2. Nc3 e5 3. g3 c6 4. Bg2 d5 5. cxd5 cxd5 6. d4 exd4 7. Qxd4 Nc6 8. Qd1 d4 9. Ne4 Bf5 10. Nxf6+ Qxf6 11. Nf3 Bc5 12. 0-0 0-0 13. Bg5 Qg6 14. Bf4 Bc2 15. Qc1 Be7 16. Ne5 Nxe5 17. Bxe5 d3 18. exd3 Bxd3 19. Rd1 Rac8 20. Qe3 Bc2 21. Rf1 Bc5 22. Qd2 Rfd8 23. Qa5 Qf5 24. Bc3 Bd3 25. Bxb7 Bxf1 26. Rxf1 Rb8 27. Bg2 g6 28. h4 Re8 29. Qa4 Re2 30. Bd4 Rb4 0-1

[Event "PNWCC Online blitz JP 9th"]
[Site "Chess.com INT"]
[Date "2020.05.09"]
[Round "10"]
[White "Turgut, Tansel"]
[Black "Chen, Aidan"]
[Result "1-0"]
[WhiteElo "2211"]
[BlackElo "1719"]
[PlyCount "97"]
[EventDate "2020.05.09"]
[EventType "swiss (blitz)"]
[EventRounds "11"]
[EventCountry "USA"]
[SourceTitle "CBM 196 Extra"]
[Source "ChessBase"]
[SourceDate "2020.07.31"]
[SourceVersion "1"]
[SourceVersionDate "2020.07.31"]
[SourceQuality "1"]

1. d4 c6 2. Bf4 d5 3. e3 Nf6 4. Nd2 e6 5. Ngf3 Be7 6. h3 0-0 7. Bd3 b6 8. 0-0 Bb7 9. Ne5 Nbd7 10. c3 Nxe5 11. Bxe5 Nd7 12. Bg3 c5 13. f4 Nf6 14. Qf3 Bd6 15. Bh4 Be7 16. Bxf6 Bxf6 17. Qg3 g6 18. Nf3 a5 19. Rf2 Ba6 20. Bc2 Qe7 21. h4 Bg7 22. h5 Ra7 23. Ne5 Rc7 24. hxg6 fxg6 25. a4 Qf6 26. Ng4 Qe7 27. Qh3 Bc8 28. Ne5 Qf6 29. Rf3 Qe7 30. Raf1 Bxe5 31. fxe5 Rxf3 32. Rxf3 Qg7 33. Rf6 Rf7 34. Qf3 Rxf6 35. exf6 Qf7 36. Qf4 Ba6 37. g4 Qb7 38. Qd6 Kf7 39. g5 Bc4 40. Bd1 cxd4 41. Bg4 Qc8 42. exd4 Bb3 43. Qxb6 Bxa4 44. Qxa5 Bd7 45. Qa3 Qe8 46. Qd6 h6 47. gxh6 Kxf6 48. Qe5+ Kf7 49. Qg7# 1-0

[Event "PNWCC Online blitz JP 8th"]
[Site "Chess.com INT"]
[Date "2020.05.02"]
[Round "9"]
[White "Myers, Dominique"]
[Black "Chen, Aidan"]
[Result "1-0"]
[WhiteElo "1990"]
[BlackElo "1719"]
[PlyCount "101"]
[EventDate "2020.05.02"]
[EventType "swiss (blitz)"]
[EventRounds "11"]
[EventCountry "USA"]
[SourceTitle "CBM 195 Extra"]
[Source "ChessBase"]
[SourceDate "2020.05.31"]
[SourceVersion "1"]
[SourceVersionDate "2020.05.31"]
[SourceQuality "1"]

1. d4 c6 2. c4 d5 3. Nc3 Nf6 4. Nf3 e6 5. e3 Be7 6. Bd3 0-0 7. 0-0 Nbd7 8. Qc2 b6 9. b3 Bb7 10. Bb2 Rc8 11. e4 dxe4 12. Nxe4 c5 13. dxc5 Nxc5 14. Nxc5 Bxc5 15. Rad1 Qe7 16. Ne5 Rfd8 17. Qe2 Nd7 18. Ng4 e5 19. Nxe5 Nxe5 20. Qxe5 Qxe5 21. Bxe5 f6 22. Bc3 a5 23. Bf5 Rxd1 24. Rxd1 Re8 25. Kf1 Kf7 26. Rd7+ Re7 27. Rxe7+ Kxe7 28. Bxh7 Kd6 29. Bf5 Bc6 30. h4 Bb4 31. Bd4 Bc5 32. Bb2 a4 33. h5 b5 34. h6 gxh6 35. Bxf6 axb3 36. axb3 bxc4 37. bxc4 Bb4 38. Bg7 Kc5 39. Be6 Bd2 40. Ke2 Bg5 41. g3 Kd6 42. Bf7 Ke7 43. Bg8 h5 44. f4 Bf6 45. Bxf6+ Kxf6 46. Bd5 Bd7 47. Bf3 h4 48. gxh4 Kf5 49. Ke3 Bc8 50. h5 Be6 51. c5 1-0

[Event "PNWCC Online blitz JP 2nd"]
[Site "Chess.com INT"]
[Date "2020.03.21"]
[Round "1"]
[White "Chen, Aidan"]
[Black "Sevian, Samuel"]
[Result "0-1"]
[WhiteElo "1719"]
[BlackElo "2660"]
[PlyCount "72"]
[EventDate "2020.03.21"]
[EventType "swiss (blitz)"]
[EventRounds "11"]
[EventCountry "USA"]
[SourceTitle "CBM 195 Extra"]
[Source "ChessBase"]
[SourceDate "2020.05.31"]
[SourceVersion "1"]
[SourceVersionDate "2020.05.31"]
[SourceQuality "1"]

1. e4 c6 2. d4 d5 3. exd5 cxd5 4. Bd3 Nf6 5. h3 Nc6 6. Nf3 Qc7 7. 0-0 g6 8. c3 Bf5 9. Re1 Bxd3 10. Qxd3 Bg7 11. Bg5 0-0 12. Nbd2 Rfe8 13. Ne5 Nxe5 14. dxe5 Nd7 15. Qxd5 Bxe5 16. Nf3 Bf6 17. Rad1 Rad8 18. Qb3 Nc5 19. Qc4 Rc8 20. Bxf6 exf6 21. Rxe8+ Rxe8 22. Qd4 Kg7 23. Qd6 Qc8 24. Nd4 Ne4 25. Qf4 a6 26. Re1 Nc5 27. Rxe8 Qxe8 28. Qe3 Qxe3 29. fxe3 f5 30. Kf2 Kf6 31. Kf3 Ke5 32. Ke2 Na4 33. Nf3+ Kf6 34. Kd3 Nxb2+ 35. Kc2 Nc4 36. Nd2 Nxe3+ 0-1

[Event "PNWCC Online blitz JP 2nd"]
[Site "Chess.com INT"]
[Date "2020.03.21"]
[Round "9"]
[White "Chen, Aidan"]
[Black "Su, Ethan"]
[Result "1/2-1/2"]
[WhiteElo "1719"]
[BlackElo "1759"]
[PlyCount "102"]
[EventDate "2020.03.21"]
[EventType "swiss (blitz)"]
[EventRounds "11"]
[EventCountry "USA"]
[SourceTitle "CBM 195 Extra"]
[Source "ChessBase"]
[SourceDate "2020.05.31"]
[SourceVersion "1"]
[SourceVersionDate "2020.05.31"]
[SourceQuality "1"]

1. e4 c5 2. Nf3 e6 3. c3 Nc6 4. d4 cxd4 5. cxd4 d6 6. Nc3 a6 7. Be2 Qc7 8. 0-0 Be7 9. d5 Ne5 10. Nxe5 dxe5 11. Be3 Nf6 12. Rc1 Qd7 13. Re1 0-0 14. Bf3 exd5 15. Nxd5 Nxd5 16. exd5 Bd6 17. Be4 f5 18. Bb1 f4 19. Bd2 b6 20. Bc3 Re8 21. Qf3 Bb7 22. Qe4 g6 23. h4 Rad8 24. h5 g5 25. Rcd1 Bc7 26. Qf5 Qxf5 27. Bxf5 Rxd5 28. Rc1 Rdd8 29. Be4 Bxe4 30. Rxe4 Bd6 31. Rce1 Re6 32. Rd1 Rde8 33. f3 Bc5+ 34. Kf1 Rd6 35. Rxd6 Bxd6 36. Ke2 Kf7 37. Kd3 Kf6 38. Re2 Bc5 39. Ke4 Rd8 40. Rd2 Rxd2 41. Bxd2 Bd4 42. b3 h6 43. Bc1 Ke6 44. Ba3 Bc5 45. Bb2 Bd6 46. Bc3 a5 47. a4 Bc7 48. Bd2 Bd6 49. Bc3 Bc7 50. Be1 Kd6 51. Bc3 Ke6 1/2-1/2